[Event "Rhein Main op-A 21st"]
[Site "Bad Homburg"]
[Date "2018.05.30"]
[Round "1"]
[White "Golubka, Petr"]
[Black "Zweschper, Erich"]
[Result "1-0"]
[WhiteElo "2484"]
[BlackElo "2018"]
[PlyCount "81"]
[EventDate "2018.05.30"]
[EventType "swiss"]
[EventRounds "7"]
[EventCountry "GER"]
[SourceTitle "EXT 2019"]
[Source "ChessBase"]
[SourceDate "2018.10.10"]
[SourceVersion "1"]
[SourceVersionDate "2018.10.10"]
[SourceQuality "1"]

1. e4 g6 2. d4 Bg7 3. Nc3 b6 4. h4 h5 5. Nf3 Ba6 6. Bxa6 Nxa6 7. Qe2 Qc8 8. Bf4 Qb7 9. 0-0-0 Nh6 10. Nd5 Rc8 11. Kb1 e6 12. Nc3 d6 13. Qb5+ c6 14. Qe2 Rd8 15. Ng5 Nc7 16. f3 b5 17. d5 cxd5 18. exd5 e5 19. g4 0-0 20. Bc1 b4 21. Nce4 Nb5 22. gxh5 f5 23. Ne6 fxe4 24. fxe4 Rb8 25. Ka1 Nd4 26. Qg2 Nxe6 27. dxe6 Rf4 28. Bxf4 exf4 29. Rxd6 Qe7 30. e5 Nf5 31. h6 Nxh6 32. Qxg6 Qe8 33. Qe4 Qf8 34. Rf1 Nf5 35. e7 Nxe7 36. Rxf4 Qe8 37. h5 Rb5 38. Rg4 Nc8 39. Rxg7+ Kxg7 40. Rg6+ Kf7 41. Qf5+ 1-0

[Event "Heusenstamm Sparkassen op-A 3rd"]
[Site "Heusenstamm"]
[Date "2016.11.27"]
[Round "7"]
[White "Zweschper, Erich"]
[Black "Bethke, Richard"]
[Result "1/2-1/2"]
[WhiteElo "2036"]
[BlackElo "2104"]
[PlyCount "41"]
[EventDate "2016.11.24"]
[EventType "swiss"]
[EventRounds "7"]
[EventCountry "GER"]
[SourceTitle "EXT 2018"]
[Source "ChessBase"]
[SourceDate "2017.10.13"]
[SourceVersion "1"]
[SourceVersionDate "2017.10.13"]
[SourceQuality "1"]

1. d4 d5 2. Nf3 Nf6 3. c4 e6 4. Nc3 Be7 5. Bg5 0-0 6. e3 h6 7. Bh4 b6 8. Bd3 Bb7 9. 0-0 Nbd7 10. Rc1 c5 11. Qe2 Ne4 12. Bxe7 Nxc3 13. Rxc3 Qxe7 14. e4 cxd4 15. Nxd4 dxc4 16. Bxc4 Nc5 17. e5 Rfd8 18. Nf3 Rac8 19. Rfc1 a6 20. Qe3 Rc7 21. Be2 1/2-1/2

[Event "Heusenstamm Sparkassen op-A 3rd"]
[Site "Heusenstamm"]
[Date "2016.11.25"]
[Round "2"]
[White "Pfreundt, Jakob"]
[Black "Zweschper, Erich"]
[Result "1-0"]
[WhiteElo "2293"]
[BlackElo "2036"]
[PlyCount "79"]
[EventDate "2016.11.24"]
[EventType "swiss"]
[EventRounds "7"]
[EventCountry "GER"]
[SourceTitle "EXT 2018"]
[Source "ChessBase"]
[SourceDate "2017.10.13"]
[SourceVersion "1"]
[SourceVersionDate "2017.10.13"]
[SourceQuality "1"]

1. e4 g6 2. d4 Bg7 3. Nc3 d6 4. Be3 c6 5. Qd2 a6 6. h4 h5 7. a4 b6 8. Nh3 Nh6 9. f3 Qc7 10. Ng5 Nd7 11. Bc4 Nf8 12. Qf2 Rb8 13. g4 f6 14. gxh5 d5 15. Bb3 gxh5 16. Nh3 Bxh3 17. Rxh3 e6 18. Qe2 b5 19. exd5 Nf5 20. Bg1 Bh6 21. dxc6 Rg8 22. Bh2 Bf4 23. Nd5 Qa5+ 24. Kf2 Nxd4 25. Qe1 Bd2 26. Qe4 Rc8 27. Qxd4 exd5 28. Bxd5 Rg7 29. Bd6 Ng6 30. c7 Ne7 31. b4 Nxd5 32. bxa5 Be3+ 33. Qxe3+ Nxe3 34. Kxe3 Kd7 35. Rd1 Rg2 36. axb5 Re8+ 37. Kf4 axb5 38. Kf5 Rxc2 39. Rh2 Rc6 40. Rhd2 1-0

[Event "Heusenstamm Sparkassen op-A 3rd"]
[Site "Heusenstamm"]
[Date "2016.11.24"]
[Round "1"]
[White "Zweschper, Erich"]
[Black "Hinz, Andre"]
[Result "1-0"]
[WhiteElo "2036"]
[BlackElo "1693"]
[PlyCount "69"]
[EventDate "2016.11.24"]
[EventType "swiss"]
[EventRounds "7"]
[EventCountry "GER"]
[SourceTitle "EXT 2018"]
[Source "ChessBase"]
[SourceDate "2017.10.13"]
[SourceVersion "1"]
[SourceVersionDate "2017.10.13"]
[SourceQuality "1"]

1. d4 Nc6 2. Nf3 d6 3. c4 g6 4. Nc3 Bg7 5. h3 e5 6. d5 Nce7 7. e4 Nf6 8. Be3 0-0 9. g4 h6 10. Qd2 g5 11. h4 Bxg4 12. Nh2 gxh4 13. Rg1 h5 14. Bg5 Ng6 15. Nxg4 hxg4 16. Rxg4 Qd7 17. Rg1 Nh5 18. Be2 Nhf4 19. Bg4 Qe8 20. Ne2 a5 21. Bf5 Qa4 22. b3 Qb4 23. Nc3 h3 24. Rh1 Nh4 25. Bxh4 Bh6 26. Kf1 Ng6 27. Qxh6 Qxc3 28. Re1 Qd3+ 29. Kg1 Qc3 30. Re3 Qd2 31. Bf6 h2+ 32. Rxh2 Qd1+ 33. Kg2 Nf4+ 34. Qxf4 exf4 35. Rh8# 1-0

[Event "Rhein Main op-A 19th"]
[Site "Bad Homburg"]
[Date "2016.05.26"]
[Round "2"]
[White "Papadopoulos, Ioannis1111"]
[Black "Zweschper, Erich"]
[Result "0-1"]
[WhiteElo "1753"]
[BlackElo "2043"]
[PlyCount "110"]
[EventDate "2016.05.25"]
[EventType "swiss"]
[EventRounds "7"]
[EventCountry "GER"]
[SourceTitle "EXT 2017"]
[Source "ChessBase"]
[SourceDate "2016.10.25"]
[SourceVersion "1"]
[SourceVersionDate "2016.10.25"]
[SourceQuality "1"]

1. e4 d6 2. d4 g6 3. Nc3 Bg7 4. Be3 Nd7 5. Nf3 e6 6. Qd2 h6 7. 0-0-0 a6 8. Bc4 Ne7 9. d5 e5 10. Ne1 Nf6 11. h3 b5 12. Bd3 Bb7 13. f4 exf4 14. Bxf4 Nd7 15. Nf3 Ne5 16. Nxe5 dxe5 17. Be3 Nc8 18. Rhf1 Nd6 19. Qf2 0-0 20. Qd2 Kh7 21. g4 Bc8 22. g5 hxg5 23. Bxg5 Qxg5 24. Qxg5 Bh6 25. h4 f6 26. Qxh6+ Kxh6 27. Rde1 Bd7 28. Ne2 Kg7 29. Ng3 Rh8 30. Rh1 Bg4 31. Be2 Bxe2 32. Rxe2 Rh6 33. Kd2 Rah8 34. Reh2 f5 35. exf5 gxf5 36. Rg2 Kf6 37. Rgh2 f4 38. Ne2 Rh5 39. Rh3 Kf5 40. Kd3 Kg4 41. R3h2 Rxh4 42. Rg1+ Kf5 43. Rhg2 Rh3+ 44. Kd2 Ne4+ 45. Kd1 Rd8 46. Rg7 Rxd5+ 47. Kc1 Rh2 48. Nc3 Nxc3 49. bxc3 Rdd2 50. R1g5+ Ke4 51. Re7 Rxc2+ 52. Kb1 Rxc3 53. Rgxe5+ Kf3 54. Re1 Re3 55. Rf1+ Ke2 0-1

[Event "Rhein Main op-A 19th"]
[Site "Bad Homburg"]
[Date "2016.05.25"]
[Round "1"]
[White "Zweschper, Erich"]
[Black "Weiland, Thomas"]
[Result "1/2-1/2"]
[WhiteElo "2043"]
[BlackElo "1763"]
[PlyCount "57"]
[EventDate "2016.05.25"]
[EventType "swiss"]
[EventRounds "7"]
[EventCountry "GER"]
[SourceTitle "EXT 2017"]
[Source "ChessBase"]
[SourceDate "2016.10.25"]
[SourceVersion "1"]
[SourceVersionDate "2016.10.25"]
[SourceQuality "1"]

1. d4 f5 2. Nf3 Nf6 3. Bf4 d6 4. h3 g6 5. e3 Bg7 6. Nbd2 a5 7. c3 c6 8. Bd3 Na6 9. Qc2 Bd7 10. a3 b5 11. e4 Nh5 12. Bh2 f4 13. e5 0-0 14. Ng5 Bf5 15. Qb3+ d5 16. Be2 Bh6 17. h4 Bxg5 18. hxg5 Bd7 19. Qd1 Ng7 20. Nf3 Bg4 21. Qd2 Nh5 22. Nh4 Bxe2 23. Qxe2 e6 24. Nf3 Qd7 25. Bg1 Qf7 26. Rh4 Nc7 27. Qd2 Qf5 28. Bh2 Ne8 29. Qe2 1/2-1/2

[Event "Frankfurt-chA"]
[Site "Frankfurt"]
[Date "2016.05.09"]
[Round "3"]
[White "Zweschper, Erich"]
[Black "Poetsch, Hagen"]
[Result "0-1"]
[WhiteElo "2036"]
[BlackElo "2484"]
[PlyCount "46"]
[EventDate "2016.04.25"]
[EventType "swiss"]
[EventRounds "9"]
[EventCountry "GER"]
[SourceTitle "EXT 2018"]
[Source "ChessBase"]
[SourceDate "2017.10.13"]
[SourceVersion "1"]
[SourceVersionDate "2017.10.13"]
[SourceQuality "1"]

1. d4 d5 2. Nf3 Nf6 3. e3 Bf5 4. c4 e6 5. Nc3 Be7 6. h3 0-0 7. Be2 c5 8. 0-0 Nc6 9. a3 dxc4 10. Bxc4 cxd4 11. exd4 Rc8 12. Ba2 Ne4 13. Ne2 Qb6 14. g4 Bg6 15. Nf4 Rcd8 16. Re1 Nxd4 17. Nxd4 Rxd4 18. Qe2 Bh4 19. Be3 Bxf2+ 20. Bxf2 Nxf2 21. Nxg6 Nd3 22. Nxf8 Nxe1 23. Rxe1 Re4+ 0-1

[Event "Rhein Main op-A 18th"]
[Site "Bad Homburg"]
[Date "2015.06.06"]
[Round "5"]
[White "Zweschper, Erich"]
[Black "Gruettner, Ralf"]
[Result "1/2-1/2"]
[WhiteElo "1989"]
[BlackElo "2094"]
[PlyCount "86"]
[EventDate "2015.06.03"]
[EventType "swiss"]
[EventRounds "7"]
[EventCountry "GER"]
[SourceTitle "CBM 167 Extra"]
[Source "ChessBase"]
[SourceDate "2015.09.14"]
[SourceVersion "1"]
[SourceVersionDate "2015.09.14"]
[SourceQuality "1"]

1. d4 Nf6 2. Bg5 c5 3. d5 d6 4. Nc3 e5 5. e4 Be7 6. Bb5+ Bd7 7. a4 0-0 8. Nf3 Bg4 9. Bxf6 Bxf6 10. h3 Bxf3 11. Qxf3 a6 12. Be2 Nd7 13. h4 b5 14. Nd1 c4 15. Ne3 g6 16. h5 Qe7 17. Qh3 Nc5 18. Ng4 Bg5 19. Ra3 Nxe4 20. Qh2 Bd2+ 21. Kd1 f5 22. f3 Bf4 23. Nh6+ Bxh6 24. fxe4 Bf4 25. g3 Bg5 26. hxg6 h6 27. exf5 Rxf5 28. axb5 e4 29. Bxc4 Qe5 30. g4 Qd4+ 31. Ke1 Qxb2 32. gxf5 Qxa3 33. Bb3 axb5 34. Ke2 Qc5 35. Qh3 Qd4 36. Rd1 Qe5 37. Rf1 Rf8 38. c3 Kg7 39. Bc2 e3 40. f6+ Rxf6 41. Qd7+ Kf8 42. Qd8+ Kg7 43. Qd7+ Kf8 1/2-1/2

[Event "Rhein Main op-A 18th"]
[Site "Bad Homburg"]
[Date "2015.06.03"]
[Round "1"]
[White "Zweschper, Erich"]
[Black "Keller, Peter1111"]
[Result "0-1"]
[WhiteElo "1989"]
[BlackElo "2248"]
[PlyCount "62"]
[EventDate "2015.06.03"]
[EventType "swiss"]
[EventRounds "7"]
[EventCountry "GER"]
[SourceTitle "CBM 167 Extra"]
[Source "ChessBase"]
[SourceDate "2015.09.14"]
[SourceVersion "1"]
[SourceVersionDate "2015.09.14"]
[SourceQuality "1"]

1. e4 e5 2. Nf3 Nc6 3. Bc4 Bc5 4. d3 Nf6 5. Be3 Be7 6. Nc3 d6 7. h3 0-0 8. Qd2 Na5 9. Nd5 Nxc4 10. Nxf6+ Bxf6 11. dxc4 Be6 12. b3 Be7 13. g4 a6 14. Qd3 c6 15. Rd1 Qa5+ 16. Bd2 Qc7 17. Ng5 Bd7 18. f4 f6 19. Nf3 d5 20. 0-0 dxe4 21. Qxe4 Bc5+ 22. Kh1 Rae8 23. fxe5 f5 24. gxf5 Bxf5 25. Qh4 Bxc2 26. Rde1 Bd3 27. Ng5 Rxf1+ 28. Rxf1 h6 29. Qh5 Rxe5 30. Bf4 hxg5 31. Bxe5 Be4+ 0-1

[Event "Karl Mala Memorial op-A 17th"]
[Site "Frankfurt"]
[Date "2014.08.03"]
[Round "6"]
[White "Froehlich Dill, Astrid"]
[Black "Zweschper, Erich"]
[Result "1/2-1/2"]
[WhiteElo "1894"]
[BlackElo "2083"]
[PlyCount "45"]
[EventDate "2014.07.31"]
[EventType "swiss"]
[EventRounds "7"]
[EventCountry "GER"]
[SourceTitle "EXT 2015"]
[Source "ChessBase"]
[SourceDate "2014.11.20"]
[SourceVersion "1"]
[SourceVersionDate "2014.11.20"]
[SourceQuality "1"]

1. d4 d6 2. Nf3 g6 3. e4 Bg7 4. c4 e6 5. Nc3 Ne7 6. Be3 Nd7 7. Qd2 h6 8. h3 b6 9. Bd3 Bb7 10. d5 e5 11. g4 a6 12. Nh2 c6 13. Rf1 cxd5 14. cxd5 Rc8 15. f4 exf4 16. Bxf4 Ne5 17. Nf3 Nc4 18. Bxc4 Rxc4 19. e5 g5 20. Bg3 0-0 21. Qd3 b5 22. Nd2 Rc8 23. Nde4 1/2-1/2

[Event "Karl Mala Memorial op-A 17th"]
[Site "Frankfurt"]
[Date "2014.08.01"]
[Round "2"]
[White "Zweschper, Erich"]
[Black "Chernov, Vadim A"]
[Result "0-1"]
[WhiteElo "2083"]
[BlackElo "2438"]
[PlyCount "58"]
[EventDate "2014.07.31"]
[EventType "swiss"]
[EventRounds "7"]
[EventCountry "GER"]
[SourceTitle "EXT 2015"]
[Source "ChessBase"]
[SourceDate "2014.11.20"]
[SourceVersion "1"]
[SourceVersionDate "2014.11.20"]
[SourceQuality "1"]

1. d4 Nf6 2. Bg5 Ne4 3. Bf4 c5 4. f3 Qa5+ 5. c3 Nf6 6. d5 Qb6 7. b3 e6 8. e4 exd5 9. Bd3 Bd6 10. Ne2 Bxf4 11. Nxf4 0-0 12. c4 dxe4 13. fxe4 Qd6 14. Ne2 Ng4 15. Nbc3 Nc6 16. Nd5 Qh6 17. Nef4 d6 18. Qe2 Nd4 19. Qd2 Ne5 20. 0-0-0 Be6 21. Rdf1 Bxd5 22. exd5 Rfe8 23. Kb1 Re7 24. g4 Rae8 25. g5 Qxg5 26. Rhg1 Nef3 27. Qg2 Qxg2 28. Rxg2 Re1+ 29. Rxe1 Nxe1 0-1

[Event "Rhein Main op-A 17th"]
[Site "Bad Homburg"]
[Date "2014.06.22"]
[Round "7"]
[White "Zweschper, Erich"]
[Black "Boschek, Hans Joachim"]
[Result "1-0"]
[WhiteElo "2092"]
[BlackElo "1908"]
[PlyCount "95"]
[EventDate "2014.06.18"]
[EventType "swiss"]
[EventRounds "7"]
[EventCountry "GER"]
[SourceTitle "CBM 161 Extra"]
[Source "ChessBase"]
[SourceDate "2014.08.29"]
[SourceVersion "1"]
[SourceVersionDate "2014.08.29"]
[SourceQuality "1"]

1. d4 e6 2. Nf3 f5 3. c4 Nf6 4. Nc3 d5 5. Bf4 c6 6. e3 Be7 7. Ne5 Nbd7 8. Qc2 0-0 9. h3 dxc4 10. Bxc4 Nb6 11. Bb3 Nbd5 12. Bh2 Qa5 13. 0-0 Bd7 14. Nxd7 Nxd7 15. e4 fxe4 16. Qxe4 Rf6 17. Bg3 Kh8 18. Ne2 Nf8 19. Rac1 Re8 20. Be5 Rh6 21. Rfd1 Bf6 22. Bd6 Be7 23. Bg3 Qd8 24. Re1 Bd6 25. Rcd1 Bxg3 26. Nxg3 Rf6 27. Nh5 Rg6 28. Qf3 Qg5 29. Re5 Qe7 30. Rde1 Qd7 31. Qe4 Qf7 32. Bxd5 cxd5 33. Rxd5 exd5 34. Qxe8 Kg8 35. Qxf7+ Kxf7 36. Nf4 Rd6 37. Kf1 Nd7 38. Ke2 Nf6 39. f3 Rb6 40. Nd3 Ra6 41. a3 Ra4 42. Ke3 Ke7 43. Rc1 Rc4 44. Rxc4 dxc4 45. Ne5 Nd5+ 46. Kd2 b5 47. Nc6+ Kd7 48. Nxa7 1-0